[Event "Munich op"]
[Site "Munich"]
[Date "2010.09.26"]
[Round "2"]
[White "Uebele, Peter"]
[Black "Shirazi, Kamran"]
[Result "1-0"]
[WhiteElo "2127"]
[BlackElo "2428"]
[PlyCount "87"]
[EventDate "2010.09.25"]
[EventType "swiss"]
[EventRounds "9"]
[EventCountry "GER"]
[SourceTitle "CBM 138 Extra"]
[Source "ChessBase"]
[SourceDate "2010.10.29"]
[SourceVersion "1"]
[SourceVersionDate "2010.10.29"]
[SourceQuality "1"]

1. e4 Nc6 2. d4 e5 3. dxe5 Nxe5 4. f4 Ng6 5. Nf3 Bc5 6. Bc4 Nf6 7. e5 Qe7 8. Nc3 d6 9. Qe2 dxe5 10. fxe5 Ng4 11. Bg5 f6 12. Nd5 fxg5 13. Nxe7 Kxe7 14. 0-0-0 Nf4 15. Qe1 Ne3 16. Qc3 Be6 17. Bd3 b6 18. Rde1 Rad8 19. Nxg5 Bf5 20. Bc4 Nxc2 21. Ne4 Nb4 22. Qg3 Nfd3+ 23. Kb1 g6 24. e6 Kf8 25. Qxc7 Be7 26. Ref1 h5 27. Ng3 Nd5 28. Bxd5 Rxd5 29. Nxf5 gxf5 30. Qxa7 f4 31. Qa8+ Rd8 32. Qe4 Kg7 33. Rf3 Nc5 34. Qxf4 Rhf8 35. Qe5+ Bf6 36. Rxf6 Rxf6 37. Qc7+ Kg6 38. Qxd8 Nxe6 39. Qxb6 Kf7 40. Qb7+ Kg6 41. Qe4+ Kh6 42. Rd1 Ng5 43. Qe7 Rf7 44. Rd6+ 1-0

[Event "Munich OIS op"]
[Site "Munich"]
[Date "2008.10.12"]
[Round "2"]
[White "Uebele, Peter"]
[Black "Lentrodt, Thomas"]
[Result "0-1"]
[WhiteElo "2125"]
[BlackElo "2306"]
[PlyCount "54"]
[EventDate "2008.10.11"]
[EventType "swiss"]
[EventRounds "9"]
[EventCountry "GER"]
[SourceTitle "CBM 126 Extra"]
[Source "ChessBase"]
[SourceDate "2008.11.05"]
[SourceVersion "1"]
[SourceVersionDate "2008.11.05"]
[SourceQuality "1"]

1. e4 c5 2. Nf3 a6 3. g3 g6 4. Bg2 Bg7 5. 0-0 Nc6 6. d3 e6 7. Nbd2 Nge7 8. Re1 d6 9. Nf1 0-0 10. c3 Ne5 11. Bg5 f6 12. Bf4 N7c6 13. h4 Nxf3+ 14. Qxf3 e5 15. Bd2 f5 16. Qe2 f4 17. Nh2 h5 18. Rf1 Kh7 19. Nf3 Bh6 20. d4 cxd4 21. cxd4 Bg4 22. dxe5 Nd4 23. Qd3 Nxf3+ 24. Bxf3 Bxf3 25. exd6 fxg3 26. fxg3 Qb6+ 27. Kh2 Qxb2 0-1